Подбор технологий изготовления элементов художественного изделия; Современные проблемы машиностроения

Podrobná bibliografie
Parent link:Современные проблемы машиностроения.— 2019.— [С. 157-159]
Hlavní autor: Овчаренко В. А.
Korporativní autor: Национальный исследовательский Томский политехнический университет Инженерная школа новых производственных технологий Отделение материаловедения
Další autoři: Утьев О. М. Олег Михайлович
Shrnutí:Заглавие с экрана
Jazyk:ruština
Vydáno: 2019
Edice:Современные производственные технологии
Témata:
On-line přístup:http://earchive.tpu.ru/handle/11683/56998
Médium: MixedMaterials Elektronický zdroj Kapitola
KOHA link:https://koha.lib.tpu.ru/cgi-bin/koha/opac-detail.pl?biblionumber=630599

MARC

LEADER 00000naa2a2200000 4500
001 630599
005 20240110105343.0
035 |a (RuTPU)RU\TPU\conf\31755 
035 |a RU\TPU\conf\31753 
090 |a 630599 
100 |a 20191126a2019 k y0rusy50 ca 
101 0 |a rus 
102 |a RU 
105 |a y z 100zy 
135 |a drcn ---uucaa 
181 0 |a i  
182 0 |a b 
200 1 |a Подбор технологий изготовления элементов художественного изделия  |f В. А. Овчаренко, О. М. Утьев 
203 |a Текст  |c электронный 
225 1 |a Современные производственные технологии 
300 |a Заглавие с экрана 
320 |a [Библиогр.: с. 159 (5 назв.)] 
463 0 |0 (RuTPU)RU\TPU\conf\31687  |t Современные проблемы машиностроения  |o сборник научных трудов XII Международной научно-технической конференции, г. Томск, 28 октября - 1 ноября 2019 г.  |f Национальный исследовательский Томский политехнический университет (ТПУ) ; под ред. А. Ю. Арляпова [и др.]  |v [С. 157-159]  |d 2019 
610 1 |a электронный ресурс 
610 1 |a труды учёных ТПУ 
610 1 |a изготовление 
610 1 |a элементы 
610 1 |a художественные изделия 
610 1 |a конструкции 
610 1 |a браслеты 
610 1 |a сегменты 
610 1 |a оптимальные технологии 
700 1 |a Овчаренко  |b В. А. 
701 1 |a Утьев  |b О. М.  |c специалист в области материаловедения  |c старший преподаватель Томского политехнического университета  |f 1964-  |g Олег Михайлович  |3 (RuTPU)RU\TPU\pers\26500  |9 12202 
712 0 2 |a Национальный исследовательский Томский политехнический университет  |b Инженерная школа новых производственных технологий  |b Отделение материаловедения  |3 (RuTPU)RU\TPU\col\23508 
801 2 |a RU  |b 63413507  |c 20191129  |g RCR 
856 4 |u http://earchive.tpu.ru/handle/11683/56998 
942 |c BK